Nanobba Bharatiya pravasi (Record no. 91167)

MARC details
000 -LEADER
fixed length control field 00563nam a2200193Ia 4500
003 - CONTROL NUMBER IDENTIFIER
control field OSt
005 - DATE AND TIME OF LATEST TRANSACTION
control field 20260425105047.0
008 - FIXED-LENGTH DATA ELEMENTS--GENERAL INFORMATION
fixed length control field 210210b1987 xxu||||| |||| 00| 0 eng d
040 ## - CATALOGING SOURCE
Transcribing agency AL
041 ## - LANGUAGE CODE
Language code of text/sound track or separate title Kannada
082 ## - DEWEY DECIMAL CLASSIFICATION NUMBER
Classification number 910.4K VYAN
100 ## - MAIN ENTRY--PERSONAL NAME
Personal name VYASARAYA BALLALA.
Dates associated with a name ವ್ಯಾಸರಾಯ ಬಲ್ಲಾಳ
9 (RLIN) 262727
245 ## - TITLE STATEMENT
Title Nanobba Bharatiya pravasi
Remainder of title ನಾನೊಬ್ಬ ಭಾರತೀಯ ಪ್ರವಾಸಿ
260 ## - PUBLICATION, DISTRIBUTION, ETC.
Place of publication, distribution, etc. Maisuru
Name of publisher, distributor, etc. Gita Buk Haus
Date of publication, distribution, etc. 1987
300 ## - PHYSICAL DESCRIPTION
Extent vi,188
690 ## - LOCAL SUBJECT ADDED ENTRY--TOPICAL TERM (OCLC, RLIN)
Topical term or geographic name as entry element Travel
9 (RLIN) 262728
906 ## - LOCAL DATA ELEMENT F, LDF (RLIN)
a 041152
942 ## - ADDED ENTRY ELEMENTS (KOHA)
Source of classification or shelving scheme Dewey Decimal Classification
Koha item type Book
Holdings
Withdrawn status Lost status Source of classification or shelving scheme Damaged status Not for loan Collection code Home library Current library Shelving location Date acquired Cost, normal purchase price Total Checkouts Full call number Barcode Date last seen Price effective from Koha item type
    Dewey Decimal Classification     General St Aloysius Library St Aloysius Library   02/17/2021 18.00   910.4K VYAN 041152 02/17/2021 02/17/2021 Book